000
00359nam a2200157Ia 4500
005
20250423100051.0
008
250422s9999 xx 000 0 und d
020
_a
978-978-304749-8
100
_a
Mainoma, M.A.
245
0
_a
Management accounting techniques
260
_a
Nasarawa
260
_b
Onaivi
260
_c
2010
300
_a
286 p
942
_c
BK
999
_c
32187
_d
32187